Giáo trình CAD trong kiến trúc- xây dựng tự học Sketchup bằng hình ảnh
Google SketchUp là một chương trình quyền năng tích hợp nhiều phân hệ thiết kế, ứng dụng rất hữu hiệu trong thiết kế xây dựng. Một quyển sách không thể thiếu với các sinh viên, kỹ sư trong ngành kiến trúc - xây dựng....
Sparad:
| Huvudupphovsman: | |
|---|---|
| Materialtyp: | Bok |
| Språk: | Undetermined |
| Publicerad: |
Thành phố Hồ Chí Minh
Đại học Quốc gia Thành phố Hồ Chí Minh
2010
|
| Ämnen: | |
| Taggar: |
Lägg till en tagg
Inga taggar, Lägg till första taggen!
|
| Thư viện lưu trữ: | Trung tâm Học liệu Trường Đại học Cần Thơ |
|---|
| LEADER | 01207nam a2200217Ia 4500 | ||
|---|---|---|---|
| 001 | CTU_159017 | ||
| 008 | 210402s9999 xx 000 0 und d | ||
| 020 | |c 64000 | ||
| 082 | |a 690.0258 | ||
| 082 | |b Th502 | ||
| 100 | |a Đỗ, Lê Thuận | ||
| 245 | 0 | |a Giáo trình CAD trong kiến trúc- xây dựng tự học Sketchup bằng hình ảnh | |
| 245 | 0 | |c Đỗ Lê Thuận, Quang Hiển, Tường Thụy | |
| 260 | |a Thành phố Hồ Chí Minh | ||
| 260 | |b Đại học Quốc gia Thành phố Hồ Chí Minh | ||
| 260 | |c 2010 | ||
| 520 | |a Google SketchUp là một chương trình quyền năng tích hợp nhiều phân hệ thiết kế, ứng dụng rất hữu hiệu trong thiết kế xây dựng. Một quyển sách không thể thiếu với các sinh viên, kỹ sư trong ngành kiến trúc - xây dựng. | ||
| 650 | |a Computer graphics,Buildings,Đồ họa máy tính,Xây dựng | ||
| 650 | |x Computer programs,Computer graphics,Chương trình máy tính,Đồ họa máy tính | ||
| 904 | |i Qhieu | ||
| 980 | |a Trung tâm Học liệu Trường Đại học Cần Thơ | ||